000 01445pam a2200373 a 4500
001 13648505
003 LC
005 20160314153929.0
008 040708s2004 nyu 000 1 eng
010 _a 2004052585
020 _a0684872544 (alk. paper)
035 _a(OCoLC)ocm55981782
040 _aDLC
_cDLC
_dYDX
_dDLC
043 _ae-un---
050 0 0 _aPS 3569 .M5377
_b.Sm642 2005
082 0 0 _aFIC
_bSm5w 2004
100 1 _aSmith, Martin Cruz,
_d1942-
_917834
245 1 0 _aWolves eat dogs /
_cMartin Cruz Smith.
260 _aNew York :
_bSimon & Schuster,
_cc2005.
300 _a337 p. :
_c17 cm.
650 0 _aRenko, Arkady (Fictitious character)
_vFiction.
_917835
650 0 _aPolice
_zRussia (Federation)
_zMoscow
_vFiction.
_917836
650 0 _aBillionaires
_vFiction.
_917837
651 0 _aChornobylʹ (Ukraine)
_vFiction.
_917838
651 0 _aMoscow (Russia)
_vFiction.
_917839
655 7 _aMystery fiction.
_2gsafd
_94089
856 4 2 _3Publisher description
_uhttp://www.loc.gov/catdir/description/simon051/2004052585.html
856 4 1 _3Sample text
_uhttp://www.loc.gov/catdir/enhancements/fy0645/2004052585-s.html
906 _a7
_bcbc
_corignew
_d1
_eocip
_f20
_gy-gencatlg
942 _2lcc
_cBK
999 _c10820
_d10820